Vybrané aspekty vytvárania multipolarity v súčasných medzinárodných vzťahoch

Centrá moci ako jeden z ústredných teoretických problémov medzinárodných vzťahov. Vývoj chápania multipolarity v teórii medzinárodných vzťahov. Prechodný charakter súčasného obdobia medzinárodných vzťahov. Vybrané problémy vytvárania multipolarity v medzinárodných vzťahoch. Destabilizujúca rola USA...

ver descrição completa

Na minha lista:
Detalhes bibliográficos
Autor principal: Škvrnda, František
Formato: Capítulo de Livro
Idioma:eslovaco
Assuntos:
Tags: Adicionar Tag
Sem tags, seja o primeiro a adicionar uma tag!

MARC

LEADER 00000nla a2200000 4500
001 0166875
005 20240502072916.6
041 0 |a slo 
044 |a SK 
245 1 0 |a Vybrané aspekty vytvárania multipolarity v súčasných medzinárodných vzťahoch  |c František Škvrnda 
520 |a Centrá moci ako jeden z ústredných teoretických problémov medzinárodných vzťahov. Vývoj chápania multipolarity v teórii medzinárodných vzťahov. Prechodný charakter súčasného obdobia medzinárodných vzťahov. Vybrané problémy vytvárania multipolarity v medzinárodných vzťahoch. Destabilizujúca rola USA a neoliberálnej globalizácie v súčasnom usporiadaní medzinárodných vzťahov. Kritické teórie medzinárodných vzťahov o vytváraní multipolarity v súčasných medzinárodných vzťahoch. 
610 2 0 |a vzťahy medzinárodné 
610 2 0 |a vzťahy politické medzinárodné 
610 2 0 |a teórie politické 
610 2 0 |a USA 
100 1 |a Škvrnda, František